Frontline pakistan : (Record no. 533343)
[ view plain ]
| 000 -LEADER | |
|---|---|
| fixed length control field | 00748nam a2200229 a 4500 |
| 001 - CONTROL NUMBER | |
| control field | ASIN1845118022 |
| 003 - CONTROL NUMBER IDENTIFIER | |
| control field | NUST |
| 005 - DATE AND TIME OF LATEST TRANSACTION | |
| control field | 20211202153455.0 |
| 008 - FIXED-LENGTH DATA ELEMENTS--GENERAL INFORMATION | |
| fixed length control field | 131211s2008 xxu eng d |
| 020 ## - INTERNATIONAL STANDARD BOOK NUMBER | |
| International Standard Book Number | 1845118022 (paperback) |
| 020 ## - INTERNATIONAL STANDARD BOOK NUMBER | |
| International Standard Book Number | 9781845118020 (paperback) |
| 038 ## - RECORD CONTENT LICENSOR | |
| Record content licensor | MSOHAIL |
| 040 ## - CATALOGING SOURCE | |
| Original cataloging agency | 0 |
| Transcribing agency | DLC |
| 082 ## - DEWEY DECIMAL CLASSIFICATION NUMBER | |
| Classification number | 954.91053 |
| Author Mark | ZAH |
| 100 1# - MAIN ENTRY--PERSONAL NAME | |
| Personal name | Hussain, Zahid. |
| 9 (RLIN) | 27181 |
| 245 10 - TITLE STATEMENT | |
| Title | Frontline pakistan : |
| Remainder of title | the path to catastrophe and the killing of benazir bhutto / |
| Statement of responsibility, etc. | Zahid Hussain. |
| 260 ## - PUBLICATION, DISTRIBUTION, ETC. | |
| Place of publication, distribution, etc. | [S.l.] : |
| Name of publisher, distributor, etc. | I B Tauris & Co Ltd, |
| Date of publication, distribution, etc. | 2010 |
| 300 ## - PHYSICAL DESCRIPTION | |
| Extent | 202 v. (unpaged) ; |
| Dimensions | 24 cm. |
| 520 ## - SUMMARY, ETC. | |
| Summary, etc. | Book by Zahid Hussain. |
| 856 40 - ELECTRONIC LOCATION AND ACCESS | |
| Materials specified | Amazon.com |
| Uniform Resource Identifier | <a href="http://www.amazon.com/exec/obidos/ASIN/1845118022/chopaconline-20">http://www.amazon.com/exec/obidos/ASIN/1845118022/chopaconline-20</a> |
| 942 ## - ADDED ENTRY ELEMENTS (KOHA) | |
| Source of classification or shelving scheme | |
| Koha item type | Book |
| Withdrawn status | Lost status | Source of classification or shelving scheme | Damaged status | Not for loan | Permanent Location | Current Location | Date acquired | Total Checkouts | Full call number | Barcode | Date last seen | Date last checked out | Price effective from | Koha item type |
|---|---|---|---|---|---|---|---|---|---|---|---|---|---|---|
| School of Civil and Environmental Engineering (SCEE) | School of Civil and Environmental Engineering (SCEE) | 12/26/2019 | 1 | 954.91053 ZAH | NIT-8919 | 12/02/2021 | 02/17/2020 | 12/26/2019 | Book |
